<?xml version="1.0" encoding="UTF-8"?><marc:collection xmlns:marc="http://www.loc.gov/MARC21/slim">
  <marc:record>
    <marc:leader>00000nam  2200000zi 4500</marc:leader>
    <marc:controlfield tag="001">9.949929</marc:controlfield>
    <marc:controlfield tag="003">CaOODSP</marc:controlfield>
    <marc:controlfield tag="005">20250423101436</marc:controlfield>
    <marc:controlfield tag="006">m     o  d f      </marc:controlfield>
    <marc:controlfield tag="007">cr cn|||||||||</marc:controlfield>
    <marc:controlfield tag="008">250409t20252025oncabdo ob   f000 0 eng d</marc:controlfield>
    <marc:datafield tag="020" ind1=" " ind2=" ">
      <marc:subfield code="a">9780660768755</marc:subfield>
    </marc:datafield>
    <marc:datafield tag="040" ind1=" " ind2=" ">
      <marc:subfield code="a">CaOODSP</marc:subfield>
      <marc:subfield code="b">eng</marc:subfield>
      <marc:subfield code="e">rda</marc:subfield>
      <marc:subfield code="c">CaOODSP</marc:subfield>
    </marc:datafield>
    <marc:datafield tag="043" ind1=" " ind2=" ">
      <marc:subfield code="a">n-cn-bc</marc:subfield>
    </marc:datafield>
    <marc:datafield tag="086" ind1="1" ind2=" ">
      <marc:subfield code="a">Fs144-80/2025E-PDF</marc:subfield>
    </marc:datafield>
    <marc:datafield tag="245" ind1="0" ind2="0">
      <marc:subfield code="a">Haida Gwaii ʹíináang | iinang Pacific herring rebuilding plan : </marc:subfield>
      <marc:subfield code="b">an ecosystem approach.</marc:subfield>
    </marc:datafield>
    <marc:datafield tag="264" ind1=" " ind2="1">
      <marc:subfield code="a">[Ottawa] : </marc:subfield>
      <marc:subfield code="b">[Fisheries and Oceans Canada = Pêches et océans Canada], </marc:subfield>
      <marc:subfield code="c">[2025]</marc:subfield>
    </marc:datafield>
    <marc:datafield tag="264" ind1=" " ind2="4">
      <marc:subfield code="c">©2025</marc:subfield>
    </marc:datafield>
    <marc:datafield tag="300" ind1=" " ind2=" ">
      <marc:subfield code="a">1 online resource (202 pages, 2 unnumbered pages) : </marc:subfield>
      <marc:subfield code="b">illustrations, maps, graphs, photographs</marc:subfield>
    </marc:datafield>
    <marc:datafield tag="336" ind1=" " ind2=" ">
      <marc:subfield code="a">text</marc:subfield>
      <marc:subfield code="b">txt</marc:subfield>
      <marc:subfield code="2">rdacontent</marc:subfield>
    </marc:datafield>
    <marc:datafield tag="337" ind1=" " ind2=" ">
      <marc:subfield code="a">computer</marc:subfield>
      <marc:subfield code="b">c</marc:subfield>
      <marc:subfield code="2">rdamedia</marc:subfield>
    </marc:datafield>
    <marc:datafield tag="338" ind1=" " ind2=" ">
      <marc:subfield code="a">online resource</marc:subfield>
      <marc:subfield code="b">cr</marc:subfield>
      <marc:subfield code="2">rdacarrier</marc:subfield>
    </marc:datafield>
    <marc:datafield tag="500" ind1=" " ind2=" ">
      <marc:subfield code="a">Issued also in French under title: Plan de rétablissement du ʹíináang | iinang (hareng du Pacifique) de Haida Gwaii : une approche écosystémique.</marc:subfield>
    </marc:datafield>
    <marc:datafield tag="504" ind1=" " ind2=" ">
      <marc:subfield code="a">Includes bibliographical references (pages 108-119).</marc:subfield>
    </marc:datafield>
    <marc:datafield tag="520" ind1=" " ind2=" ">
      <marc:subfield code="a">"This plan for Haida Gwaii ʹíináang | iinang herring was co-developed by the Council of the Haida Nation (CHN), Parks Canada Agency (PC) and Fisheries and Oceans Canada (DFO), and provides an overview of Pacific Herring ecosystem attributes in Haida Gwaii and outlines a plan for rebuilding Haida Gwaii ʹíináang | iinang herring. Direction for the plan was provided by the Gwaii Haanas Archipelago Management Board (AMB) and the Haida Gwaii Cooperative Management Group (CMG) established under agreements between the Haida Nation and Canada"--Preface, page 18.</marc:subfield>
    </marc:datafield>
    <marc:datafield tag="650" ind1=" " ind2="0">
      <marc:subfield code="a">Pacific herring</marc:subfield>
      <marc:subfield code="z">British Columbia</marc:subfield>
      <marc:subfield code="z">Haida Gwaii.</marc:subfield>
    </marc:datafield>
    <marc:datafield tag="650" ind1=" " ind2="0">
      <marc:subfield code="a">Pacific herring populations</marc:subfield>
      <marc:subfield code="z">British Columbia.</marc:subfield>
    </marc:datafield>
    <marc:datafield tag="650" ind1=" " ind2="0">
      <marc:subfield code="a">Pacific herring fisheries</marc:subfield>
      <marc:subfield code="z">British Columbia</marc:subfield>
      <marc:subfield code="z">Pacific Coast</marc:subfield>
      <marc:subfield code="x">Management.</marc:subfield>
    </marc:datafield>
    <marc:datafield tag="710" ind1="1" ind2=" ">
      <marc:subfield code="a">Canada. </marc:subfield>
      <marc:subfield code="b">Department of Fisheries and Oceans, </marc:subfield>
      <marc:subfield code="e">issuing body.</marc:subfield>
    </marc:datafield>
    <marc:datafield tag="775" ind1="0" ind2="8">
      <marc:subfield code="t">Plan de rétablissement du ʹíináang | iinang (hareng du Pacifique) de Haida Gwaii : </marc:subfield>
      <marc:subfield code="w">(CaOODSP)9.949938</marc:subfield>
    </marc:datafield>
    <marc:datafield tag="856" ind1="4" ind2="0">
      <marc:subfield code="q">PDF</marc:subfield>
      <marc:subfield code="s">5.62 MB</marc:subfield>
      <marc:subfield code="u">https://publications.gc.ca/collections/collection_2025/mpo-dfo/Fs144-80-2025-eng.pdf</marc:subfield>
    </marc:datafield>
  </marc:record>
</marc:collection>
